[Event "Negambo op 4th"]
[Site "Negambo"]
[Date "2018.08.18"]
[Round "6"]
[White "Alahakoon, Isuru"]
[Black "Nanayakkara, JAG Ganganath"]
[Result "1-0"]
[WhiteElo "2138"]
[BlackElo "1524"]
[PlyCount "67"]
[EventDate "2018.08.16"]
[EventType "swiss"]
[EventRounds "10"]
[EventCountry "SRI"]
[SourceTitle "CBM 186 Extra"]
[Source "ChessBase"]
[SourceDate "2018.08.24"]
[SourceVersion "1"]
[SourceVersionDate "2018.08.24"]
[SourceQuality "1"]

1. b3 d5 2. Bb2 Nf6 3. e3 Bf5 4. Nf3 e6 5. Be2 Bd6 6. Nh4 Bg6 7. d3 Nc6 8. Nd2 e5 9. Nxg6 hxg6 10. c4 d4 11. exd4 Nxd4 12. Nf3 c5 13. Nxd4 cxd4 14. Bf3 Qa5+ 15. Kf1 Rb8 16. a3 Kd8 17. Rc1 Qc7 18. c5 Be7 19. b4 Nh5 20. Qb3 Bg5 21. Re1 Re8 22. g3 f5 23. Qd5+ Kc8 24. Bxh5 gxh5 25. Bxd4 Bf6 26. f4 Qe7 27. Bxe5 Rd8 28. Bd6 Qd7 29. Kg2 h4 30. Re6 Qa4 31. Qxf5 h3+ 32. Qxh3 Qc2+ 33. Re2+ Rd7 34. Rxc2 1-0

[Event "Asian Schools-ch U13 op 10th"]
[Site "Taichung"]
[Date "2014.08.26"]
[Round "6.4"]
[White "Al Zaabi, Sultan"]
[Black "Nanayakkara, JAG Ganganath"]
[Result "1-0"]
[WhiteElo "1628"]
[BlackElo "1563"]
[PlyCount "65"]
[EventDate "2014.08.24"]
[EventType "swiss"]
[EventRounds "9"]
[EventCountry "TPE"]
[SourceTitle "EXT 2024"]
[Source "ChessBase"]
[SourceDate "2023.10.10"]
[SourceVersion "1"]
[SourceVersionDate "2023.10.10"]
[SourceQuality "1"]

1. d4 c5 2. d5 Nf6 3. c4 e6 4. Nc3 exd5 5. cxd5 d6 6. e4 Nbd7 7. Be2 a6 8. a4 b6 9. Nf3 Qc7 10. 0-0 Be7 11. Nd2 Ne5 12. f4 Ng6 13. Nc4 0-0 14. e5 Ne8 15. Ne4 Bf5 16. Ng3 Bd7 17. e6 fxe6 18. dxe6 Bc6 19. Bh5 Nh8 20. Bf3 Bf6 21. Be3 Be7 22. a5 bxa5 23. Nxa5 Bxf3 24. Qxf3 Rc8 25. Nc4 Qa7 26. b4 Nc7 27. bxc5 dxc5 28. Qe4 Nb5 29. Ne5 Nd6 30. Qd5 Bf6 31. Qxd6 Rfd8 32. Qxa6 Qc7 33. Qa2 1-0

[Event "Wch U12"]
[Site "Al Ain"]
[Date "2013.12.26"]
[Round "9"]
[White "Ozen, Deniz"]
[Black "Nanayakkara, JAG Ganganath"]
[Result "1-0"]
[WhiteElo "1896"]
[BlackElo "1471"]
[PlyCount "77"]
[EventDate "2013.12.18"]
[EventType "swiss"]
[EventRounds "11"]
[EventCountry "UAE"]
[SourceTitle "CBM 158 Extra"]
[Source "ChessBase"]
[SourceDate "2014.02.28"]
[SourceVersion "1"]
[SourceVersionDate "2014.02.28"]
[SourceQuality "1"]

1. e4 Nc6 2. Nf3 d5 3. exd5 Qxd5 4. Nc3 Qa5 5. Bb5 Bg4 6. h3 Bf5 7. Qe2 0-0-0 8. Bxc6 bxc6 9. Ne5 Bg6 10. Nxc6 Qb6 11. Nxd8 Kxd8 12. Qe3 Qb7 13. 0-0 Nf6 14. Qf3 Qxf3 15. gxf3 Bxc2 16. d3 Kc8 17. Be3 a6 18. Rac1 Bxd3 19. Rfd1 Bf5 20. Bf4 Bd7 21. Na4 Ne8 22. Nb6+ Kb7 23. Nxd7 Nd6 24. Nc5+ Kb6 25. Be3 Nf5 26. Nd7+ Kb7 27. Bf4 Nd6 28. Bxd6 exd6 29. Nxf8 Rxf8 30. Re1 c5 31. Re7+ Kb6 32. Rd1 Kc6 33. Ra7 Kb6 34. Rd7 h6 35. R1xd6+ Kb5 36. b3 g6 37. Rb7+ Ka5 38. Rc6 c4 39. Rc5# 1-0

[Event "Wch U12"]
[Site "Al Ain"]
[Date "2013.12.21"]
[Round "5"]
[White "Szabo, Marcell"]
[Black "Nanayakkara, JAG Ganganath"]
[Result "1-0"]
[WhiteElo "1787"]
[BlackElo "1471"]
[PlyCount "73"]
[EventDate "2013.12.18"]
[EventType "swiss"]
[EventRounds "11"]
[EventCountry "UAE"]
[SourceTitle "CBM 158 Extra"]
[Source "ChessBase"]
[SourceDate "2014.02.28"]
[SourceVersion "1"]
[SourceVersionDate "2014.02.28"]
[SourceQuality "1"]

1. e4 d5 2. exd5 Qxd5 3. Nc3 Qa5 4. d4 Nf6 5. Nf3 Bg4 6. h3 Bf5 7. Bc4 Nc6 8. 0-0 0-0-0 9. Ne2 e5 10. Bxf7 exd4 11. Ng3 Bd6 12. Bd2 Qc5 13. b4 Qxc2 14. Be6+ Kb8 15. Nxf5 Qd3 16. Qb3 Qb5 17. a4 Qb6 18. Nxd6 Rxd6 19. Bf4 Rdd8 20. Rfc1 Qxb4 21. Bxc7+ Ka8 22. Qxb4 Nxb4 23. Bxd8 Rxd8 24. Nxd4 a6 25. Nf3 Nc6 26. Rab1 Re8 27. Bc4 Ka7 28. Re1 Rc8 29. g4 Na5 30. Be6 Rc3 31. Kg2 Ra3 32. Bc8 Rxa4 33. Bxb7 Nxb7 34. Re7 Rc4 35. Rexb7+ Ka8 36. Rb8+ Ka7 37. R1b7# 1-0

[Event "Ambalangoda Dhamso op 3rd"]
[Site "Ambalangoda"]
[Date "2013.02.21"]
[Round "2"]
[White "Nanayakkara, JAG Ganganath"]
[Black "Galappaththi, Chinthaka Anuruddh"]
[Result "0-1"]
[WhiteElo "1405"]
[BlackElo "2112"]
[PlyCount "74"]
[EventDate "2013.02.21"]
[EventType "swiss"]
[EventRounds "9"]
[EventCountry "SRI"]
[SourceTitle "CBM 153 Extra"]
[Source "ChessBase"]
[SourceDate "2013.04.22"]
[SourceVersion "1"]
[SourceVersionDate "2013.04.22"]
[SourceQuality "1"]

1. d4 d6 2. Nf3 g6 3. Bf4 Bg7 4. e3 Nd7 5. c4 e5 6. Bg3 Nh6 7. Nc3 0-0 8. Be2 f6 9. h3 Nf7 10. 0-0 f5 11. Re1 e4 12. Nd2 Bh6 13. Rc1 Nf6 14. Qb3 c6 15. d5 c5 16. a3 g5 17. Bh2 Qe7 18. Qc2 Kh8 19. Rf1 Rg8 20. Kh1 g4 21. Rg1 Bd7 22. Rce1 Rg6 23. h4 Nh5 24. g3 Ne5 25. Qb3 b6 26. Qc2 Bg7 27. Rb1 Rh6 28. Na2 Nf3 29. Bxf3 gxf3 30. Rgf1 Be5 31. Nb3 Nf6 32. g4 Nxg4 33. Bg3 Rxh4+ 34. Kg1 Qg5 35. Rfd1 Qh5 36. Bh2 Rxh2 37. Qc1 Rh1# 0-1